000
00230 a2200097 4500
001
14309
100
_a
Broughton, G
245
_a
Teaching english as a foreign langu
260
_a
London
_b
Routledge Kegan
_c
090
_c
11219
_d
11219
942
_a
NUST-CAE
_c
M
_c
1358
999
_c
249382
_d
249382